00888nam a2200205 a 450000100100000000500170001000800410002704000250006808200240009324500240011726000340014130000360017565000810021171000770029291000370036904900090040695201220041595201280053799900170066500001584220200929164154.0100219s1970 dr 001 0 spa d aDO-SdBNPbspacBNPHU a368.40097293bS456s00aSeguridad social /. aSanto Domingo :bIDSS,c1970. a107 p. :bil., retrs. ;c23 cm. 4aSeguridad socialzRepública DominicanaxEnsayos, conferencias, etc.9356532 aInstituto Dominicano de Seguros Sociales (República Dominicana)931343 aValidado. Control de calidad MFF aBNPD 0010718PDaPDbPDcHDd2010-02-19iLF1l0o368.40097293 S456sp15842-10r2020-06-25w2020-06-25yLFPDZNo se presta 0010718PDaPDbPDcHDd2012-11-15iLF1l0o368.40097293 S456sp15842-20r2020-06-25te. 2w2020-06-25yLFPDZNo se presta c15386d15386